Construction and maintenance of artisanal fishing harbours and village landings / (Record no. 18492)

000 -LEADER
fixed length control field 00595nam a2200181Ia 4500
020 ## - INTERNATIONAL STANDARD BOOK NUMBER
ISBN 9251036098
040 ## - CATALOGING SOURCE
Transcribing agency SDB
082 ## - DEWEY DECIMAL CLASSIFICATION NUMBER
Classification number 627 FAO 1995 C146 Or.
100 1# - MAIN ENTRY--AUTHOR NAME
Personal name Sciortino, J. A
245 10 - TITLE STATEMENT
Title Construction and maintenance of artisanal fishing harbours and village landings /
260 ## - PUBLICATION, DISTRIBUTION, ETC. (IMPRINT)
Place of publication Rome :
Name of publisher Food and Agriculture Organization of the United Nations,
Year of publication c1995
300 ## - PHYSICAL DESCRIPTION
Number of Pages 137 p. :
Other physical details ill. ;
Dimensions 17 x 25 cm
490 1# - SERIES STATEMENT
Series statement FAO training series ;
650 #0 - SUBJECT ADDED ENTRY--TOPICAL TERM
Topical Term Fishing ports
650 #0 - SUBJECT ADDED ENTRY--TOPICAL TERM
Topical Term Fishing ports
710 2# - ADDED ENTRY--CORPORATE NAME
Corporate name or jurisdiction name as entry element Food and Agriculture Organization of the United Nations
942 ## - ADDED ENTRY ELEMENTS (KOHA)
Koha item type ADB
952 ## - LOCATION AND ITEM INFORMATION (KOHA)
Withdrawn status [LOCAL, KOHA] 0
Holdings
Source of acquisition Permanent Location Date acquired Koha item type Lost status Shelving location Current Location Full call number
a36556Library Block C2019-12-11សៀវភៅភាសាអង់គ្លេស C146Library Block C627 FAO 1995 C146 Or.
មជ្ឈមណ្ឌលឯការនៃសាកលវិទ្យាល័យភូមិន្ទកសិកម្មចំការដូង

Powered by Koha